William Branham: (Record no. 14196)

000 -LEADER
fixed length control field 00803nam a2200205 a 4500
001 - CONTROL NUMBER
control field :::00012021$&:&@@
003 - CONTROL NUMBER IDENTIFIER
control field OkBaRHE
005 - DATE AND TIME OF LATEST TRANSACTION
control field 20000607103415.0
008 - FIXED-LENGTH DATA ELEMENTS--GENERAL INFORMATION
fixed length control field s1950 j 000 0 eng u
040 ## - CATALOGING SOURCE
Transcribing agency
100 1# - MAIN ENTRY--PERSONAL NAME
Personal name Lindsay, Gordon (James Gordon), 1906-1973.
245 10 - TITLE STATEMENT
Title William Branham:
Remainder of title a man sent from God.
Statement of responsibility, etc By Gordon Lindsay in collaboration with William Branham.
260 ## - PUBLICATION, DISTRIBUTION, ETC. (IMPRINT)
Place of publication, distribution, etc Jeffersonville, IN., :
Name of publisher, distributor, etc William Branham
Date of publication, distribution, etc 1950
300 ## - PHYSICAL DESCRIPTION
Extent 216 p. ;
Dimensions 20 cm.
650 ## - SUBJECT ADDED ENTRY--TOPICAL TERM
Topical term or geographic name as entry element Branham, William, 1909-1965.
700 ## - ADDED ENTRY--PERSONAL NAME
Personal name Branham, William, 1909-1965.
942 ## - ADDED ENTRY ELEMENTS (KOHA)
Source of classification or shelving scheme
Koha item type Books
Copies
Total Renewals Copy number Full call number Date checked out Source of classification or shelving scheme Barcode Not for loan Total Checkouts Lost status Permanent Location Date acquired Koha item type Date last seen Current Location Shelving location Withdrawn status Damaged status Price effective from
 1BX 8764 .Z8B74  12021   RHEMA Bible Training College2010-04-14Books2010-04-14 General Stacks  2010-04-14
22BX 8764 .Z8B742018-04-17 19610 2 RHEMA Bible Training College2010-04-14Books2018-05-11RHEMA Bible Training CollegeGeneral Stacks  2010-04-14